Una trenza de Hierba Sagrada. Saber indígena, conocimiento científico y las enseñanzas de las plantas.

Saved in:
Bibliografiske detaljer
Hovedforfatter: Kimmerer, Robin Wall (autora)
Format: Ukendt
Udgivet: Madrid, España: Capitán Swing, 2021.
Fag:
Tags: Tilføj Tag
Ingen Tags, Vær først til at tagge denne postø!

MARC

LEADER 00000 a2200000 4500
003 CL-VaPUC
005 20221013174504.0
008 221011t2021 ||||| |||| 00| 0 eng d
999 |c 438469  |d 438467 
020 |a 9788412281743 
040 |c Pontificia Universidad Católica de Valparaíso 
082 7 |a 305.897 KIM 2021  |2 22 
100 |a Kimmerer, Robin Wall   |9 875884  |e autora 
245 |a Una trenza de Hierba Sagrada.   |b Saber indígena, conocimiento científico y las enseñanzas de las plantas.  
260 |a Madrid, España:   |b Capitán Swing,   |c 2021.  
300 |a 455 páginas.  
583 |k GC  |c 20221011 
650 |a Filosofía botánica  |9 877497 
650 |a Filosofía de la naturaleza  |9 265899 
650 |a Ecología humana   |9 263207 
650 |a Potawatomi (indios)   |x Usos y costumbres  |9 877498  |z Estados Unidos 
942 |2 ddc  |c BK 
952 |0 0  |1 0  |2 ddc  |4 0  |6 305_897000000000000_KIM_2021  |7 0  |8 A  |9 587164  |a BIBING  |b BIBING  |c GEN  |d 2022-10-07  |e 74  |g 34079.00  |i 5655100  |l 1  |o 305.897 KIM 2021  |p 5655100  |r 2025-01-20  |s 2023-06-08  |t 1  |v 34079.00  |w 2022-10-07  |y BK  |k GEO 
952 |0 0  |1 0  |2 ddc  |4 0  |6 305_897000000000000_KIM_2021  |7 0  |8 A  |9 587165  |a BIBING  |b BIBING  |c GEN  |d 2022-10-07  |e 74  |g 34079.00  |i 5655101  |l 1  |o 305.897 KIM 2021  |p 5655101  |r 2025-01-20  |s 2023-06-20  |t 2  |v 34079.00  |w 2022-10-07  |y BK  |k GEO 
952 |0 0  |1 0  |2 ddc  |4 0  |6 305_897000000000000_KIM_2021  |7 0  |8 A  |9 587310  |a BIBING  |b BIBING  |c GEN  |d 2022-10-14  |e 74  |g 34079.00  |i 5655241  |l 1  |o 305.897 KIM 2021  |p 5655241  |r 2025-01-20  |s 2023-06-08  |t 3  |v 34079.00  |w 2022-10-14  |y BK  |k GEO